| 000 | 00518cam a2200169ua 4500 | ||
|---|---|---|---|
| 001 | 5632 | ||
| 008 | 131007n ii |||gr||||Z||||||eng | ||
| 040 | _cMAIN | ||
| 082 | _a954.162 | ||
| 245 | 1 | 1 |
_aHistory Of Civilisation Of The People Of Assam To The Twelfth Century A.D _cBy P.C Choudhury |
| 260 |
_aGuwahati: _bSpectrum, _c1987. |
||
| 300 | _axvi,495p. | ||
| 653 | _aHistory | ||
| 653 | _aHistory of Civilisation of the People of Assam to the twelfth century A.D | ||
| 700 | 1 |
_aChoudhury,p.C, _eAuthor. |
|
| 942 | _cBK | ||
| 999 |
_c4792 _d4792 |
||